[Event "Sao Jose do Rio Preto 06th"]
[Site "Sao Jose do Rio Preto"]
[Date "2007.04.25"]
[Round "7"]
[White "Borges, Leomar Barbero"]
[Black "Cubas, Jose Fernando"]
[Result "1/2-1/2"]
[WhiteElo "2225"]
[BlackElo "2447"]
[PlyCount "85"]
[EventDate "2007.04.19"]
[EventType "tourn"]
[EventRounds "11"]
[EventCountry "BRA"]
[EventCategory "4"]
[SourceTitle "CBM 118 Extra"]
[Source "ChessBase"]
[SourceDate "2007.07.04"]
[SourceVersion "1"]
[SourceVersionDate "2007.07.04"]
[SourceQuality "1"]

1. c4 e5 2. Nc3 Nf6 3. Nf3 Nc6 4. e4 Bb4 5. d3 h6 6. g3 d6 7. Bg2 O-O 8. O-O a6
9. h3 Bc5 10. Kh2 Rb8 11. a3 Be6 12. Ne1 Nh7 13. Be3 b5 14. cxb5 axb5 15. b4
Bxe3 16. fxe3 Ne7 17. Nd5 c6 18. Nxe7+ Qxe7 19. d4 Bc4 20. Rf2 Nf6 21. Qc2 Rfe8
22. Nf3 exd4 23. Nxd4 Rbc8 24. Nf5 Qe5 25. Rd1 Rcd8 26. Nd4 Rc8 27. Nf5 d5 28.
exd5 cxd5 29. Qb2 Qxb2 30. Rxb2 Re6 31. Bf1 Ra8 32. Bxc4 bxc4 33. Ra1 g6 34.
Nxh6+ Kg7 35. Ng4 Nxg4+ 36. hxg4 Rxe3 37. Rd2 Raxa3 38. Rxa3 Rxa3 39. Rxd5 Rb3
40. b5 Kf6 41. Rc5 c3 42. b6 Rb2+ 43. Kh3 1/2-1/2

[Event "Sao Jose do Rio Preto 06th"]
[Site "Sao Jose do Rio Preto"]
[Date "2007.04.26"]
[Round "8"]
[White "Cubas, Jose Fernando"]
[Black "Santos, Marcus Vinicius M"]
[Result "0-1"]
[WhiteElo "2447"]
[BlackElo "2401"]
[PlyCount "72"]
[EventDate "2007.04.19"]
[EventType "tourn"]
[EventRounds "11"]
[EventCountry "BRA"]
[EventCategory "4"]
[SourceTitle "CBM 118 Extra"]
[Source "ChessBase"]
[SourceDate "2007.07.04"]
[SourceVersion "1"]
[SourceVersionDate "2007.07.04"]
[SourceQuality "1"]

1. e4 e5 2. Nf3 Nc6 3. Bc4 Nf6 4. d3 d5 5. exd5 Nxd5 6. O-O Bg4 7. Re1 Be7 8.
h3 Bh5 9. g4 Bg6 10. Nxe5 Nxe5 11. Rxe5 Nb6 12. Bb3 O-O 13. Nc3 Kh8 14. Qf1 f5
15. Re6 Be8 16. Qg2 Bd7 17. Qxb7 Bxe6 18. Bxe6 fxg4 19. hxg4 Nd7 20. Qd5 Bd6
21. Bg5 Nf6 22. Qh1 Qe8 23. Re1 Nxg4 24. Qg2 Nxf2 25. d4 Qh5 26. Be3 Bg3 27.
Ne2 Nh3+ 28. Bxh3 Bxe1 29. Nf4 Qh4 30. Ne6 Qg3 31. Qxg3 Bxg3 32. Kg2 Bd6 33. c4
Rae8 34. a4 Rxe6 35. Bxe6 Bc5 36. dxc5 Re8 0-1

[Event "Sao Jose do Rio Preto 06th"]
[Site "Sao Jose do Rio Preto"]
[Date "2007.04.27"]
[Round "9"]
[White "El Debs, Felipe de Cresce"]
[Black "Cubas, Jose Fernando"]
[Result "1/2-1/2"]
[WhiteElo "2393"]
[BlackElo "2447"]
[PlyCount "36"]
[EventDate "2007.04.19"]
[EventType "tourn"]
[EventRounds "11"]
[EventCountry "BRA"]
[EventCategory "4"]
[SourceTitle "CBM 118 Extra"]
[Source "ChessBase"]
[SourceDate "2007.07.04"]
[SourceVersion "1"]
[SourceVersionDate "2007.07.04"]
[SourceQuality "1"]

1. d4 d5 2. c4 c6 3. cxd5 cxd5 4. Nc3 Nf6 5. Nf3 Nc6 6. Bf4 Bf5 7. e3 e6 8. Bd3
Bxd3 9. Qxd3 Be7 10. O-O O-O 11. Ne5 Rc8 12. Rfc1 Nh5 13. Nxc6 Rxc6 14. Be5 f6
15. Bg3 Nxg3 16. hxg3 Qd7 17. Ne2 Rfc8 18. Rxc6 Rxc6 1/2-1/2

[Event "Sao Jose do Rio Preto 06th"]
[Site "Sao Jose do Rio Preto"]
[Date "2007.04.28"]
[Round "10"]
[White "Cubas, Jose Fernando"]
[Black "Marra, Eduardo da Costa"]
[Result "1-0"]
[WhiteElo "2447"]
[BlackElo "2290"]
[PlyCount "57"]
[EventDate "2007.04.19"]
[EventType "tourn"]
[EventRounds "11"]
[EventCountry "BRA"]
[EventCategory "4"]
[SourceTitle "CBM 118 Extra"]
[Source "ChessBase"]
[SourceDate "2007.07.04"]
[SourceVersion "1"]
[SourceVersionDate "2007.07.04"]
[SourceQuality "1"]

1. e4 e5 2. Nf3 Nc6 3. Bc4 Nf6 4. d3 d5 5. exd5 Nxd5 6. O-O Be7 7. Re1 Nb6 8.
Bb3 Bg4 9. h3 Bh5 10. g4 Bg6 11. Nxe5 Nxe5 12. Rxe5 O-O 13. Nc3 Kh8 14. Qf1 f5
15. Qg2 Nd7 16. Re2 Nc5 17. Bc4 c6 18. a4 Bd6 19. Bd2 Qh4 20. Rf1 fxg4 21. Qxg4
Qd8 22. d4 Bf5 23. Qg2 Qh4 24. dxc5 Bxh3 25. Qg5 Qxc4 26. cxd6 Bxf1 27. Re7 Rg8
28. b3 Qa6 29. Ne4 1-0

[Event "Sao Jose do Rio Preto 06th"]
[Site "Sao Jose do Rio Preto"]
[Date "2007.04.29"]
[Round "11"]
[White "Perdomo, Leandro Daniel"]
[Black "Cubas, Jose Fernando"]
[Result "1/2-1/2"]
[WhiteElo "2389"]
[BlackElo "2447"]
[PlyCount "106"]
[EventDate "2007.04.19"]
[EventType "tourn"]
[EventRounds "11"]
[EventCountry "BRA"]
[EventCategory "4"]
[SourceTitle "CBM 118 Extra"]
[Source "ChessBase"]
[SourceDate "2007.07.04"]
[SourceVersion "1"]
[SourceVersionDate "2007.07.04"]
[SourceQuality "1"]

1. d4 d5 2. c4 c6 3. Nf3 Nf6 4. e3 a6 5. Nc3 b5 6. b3 Bg4 7. Be2 Nbd7 8. O-O e6
9. Bb2 Qb8 10. Ne5 Bxe2 11. Qxe2 Nxe5 12. dxe5 Nd7 13. f4 Bc5 14. Kh1 Ra7 15.
cxd5 cxd5 16. e4 d4 17. Nd1 g5 18. Nf2 h5 19. Nd3 Bb6 20. Qf2 gxf4 21. Bxd4
Bxd4 22. Qxd4 Qb6 23. Qxb6 Nxb6 24. Rac1 Rd7 25. Nxf4 h4 26. Rc6 Rb7 27. Nd3 a5
28. Nc5 Rb8 29. Rc7 O-O 30. Nd7 Nxd7 31. Rxd7 Rbd8 32. Ra7 Rd2 33. Rxa5 Rc8 34.
h3 Rcc2 35. Ra8+ Kg7 36. Ra7 Rxg2 37. Raxf7+ Kg8 38. Rf8+ Kg7 39. R1f7+ Kg6 40.
Rg8+ Kxf7 41. Rxg2 Rc1+ 42. Kh2 b4 43. Rd2 Kg6 44. Rd4 Rc2+ 45. Kg1 Kg5 46.
Rxb4 Kf4 47. Rb8 Rxa2 48. Rg8 Kxe4 49. Rg4+ Kf3 50. Rxh4 Rb2 51. Rh6 Rb1+ 52.
Kh2 Rb2+ 53. Kg1 Rb1+ 1/2-1/2

[Event "Asuncion"]
[Site "Asuncion"]
[Date "2007.07.10"]
[Round "1"]
[White "Cubas, Jose Fernando"]
[Black "Larrea, Manuel"]
[Result "0-1"]
[WhiteElo "2454"]
[BlackElo "2324"]
[PlyCount "106"]
[EventDate "2007.07.10"]
[EventType "tourn"]
[EventRounds "9"]
[EventCountry "PAR"]
[EventCategory "2"]
[SourceTitle "EXT 2011"]
[Source "ChessBase"]
[SourceDate "2010.11.26"]
[SourceVersion "1"]
[SourceVersionDate "2010.11.26"]
[SourceQuality "1"]

1. d4 Nf6 2. c4 g6 3. Nc3 Bg7 4. e4 d6 5. f3 O-O 6. Be3 Nc6 7. Qd2 a6 8. Nge2
Rb8 9. g4 e5 10. d5 Na5 11. Ng3 c5 12. h4 b5 13. h5 Nxc4 14. Bxc4 bxc4 15. Bh6
Rb7 16. O-O-O Ne8 17. Rdg1 Bxh6 18. Qxh6 g5 19. Rh2 f6 20. Kb1 Nc7 21. a4 Rf7
22. Rc1 Na8 23. Nf1 Bd7 24. Ne3 Nb6 25. a5 Nc8 26. Nxc4 Bb5 27. Na3 Bd3+ 28.
Ka1 Rg7 29. Rd2 c4 30. Na4 Kf7 31. f4 exf4 32. e5 dxe5 33. Nc5 Qxd5 34. Nxb7
Qxb7 35. Nxc4 Bxc4 36. Rxc4 Ne7 37. Rdc2 f3 38. Rc7 Qb4 39. R2c5 Qxc5 40. Rxc5
f2 41. Rc1 e4 42. Rc7 f1=Q+ 43. Ka2 Kg8 44. Rb7 Qc4+ 45. Ka3 Qc5+ 46. b4 Qc3+
47. Ka2 Qd2+ 48. Ka3 Qd3+ 49. Ka4 Qd5 50. Rb8+ Kf7 51. b5 axb5+ 52. Rxb5 e3 53.
Rxd5 Nxd5 0-1

[Event "Asuncion"]
[Site "Asuncion"]
[Date "2007.07.11"]
[Round "2"]
[White "Kropff, Ricardo"]
[Black "Cubas, Jose Fernando"]
[Result "0-1"]
[WhiteElo "2300"]
[BlackElo "2454"]
[PlyCount "84"]
[EventDate "2007.07.10"]
[EventType "tourn"]
[EventRounds "9"]
[EventCountry "PAR"]
[EventCategory "2"]
[SourceTitle "EXT 2011"]
[Source "ChessBase"]
[SourceDate "2010.11.26"]
[SourceVersion "1"]
[SourceVersionDate "2010.11.26"]
[SourceQuality "1"]

1. d4 d5 2. Nf3 Nf6 3. c4 e6 4. cxd5 exd5 5. Nc3 Nbd7 6. Bg5 Be7 7. e3 O-O 8.
Bd3 c6 9. O-O Re8 10. Qc2 g6 11. h3 Nb6 12. Bxf6 Bxf6 13. b4 Be7 14. b5 Bd6 15.
bxc6 bxc6 16. Ne2 Qf6 17. Rfc1 Bxh3 18. Ne5 Be6 19. Nxc6 Rec8 20. Qd2 h5 21.
Qa5 h4 22. e4 dxe4 23. Bxe4 Bc4 24. Re1 Re8 25. Ne5 Bxe5 26. Bxa8 Bb8 27. Bf3
Bxe2 28. Rxe2 Rxe2 29. Bxe2 Qf4 30. Kf1 Qh2 31. Ke1 Qxg2 32. Qc3 h3 33. Bf1 Qd5
34. Bxh3 Bd6 35. Bf1 Qe4+ 36. Be2 Nd5 37. Qf3 Qxd4 38. Rd1 Qb4+ 39. Kf1 Nf4 40.
Qa8+ Kg7 41. Qxa7 Bc5 42. Qc7 Qe4 0-1

[Event "Asuncion"]
[Site "Asuncion"]
[Date "2007.07.12"]
[Round "3"]
[White "Cubas, Jose Fernando"]
[Black "Goiriz, Yahari Damian"]
[Result "0-1"]
[WhiteElo "2454"]
[BlackElo "2115"]
[PlyCount "90"]
[EventDate "2007.07.10"]
[EventType "tourn"]
[EventRounds "9"]
[EventCountry "PAR"]
[EventCategory "2"]
[SourceTitle "EXT 2011"]
[Source "ChessBase"]
[SourceDate "2010.11.26"]
[SourceVersion "1"]
[SourceVersionDate "2010.11.26"]
[SourceQuality "1"]

1. d4 Nf6 2. c4 e6 3. Nc3 Bb4 4. a3 Bxc3+ 5. bxc3 O-O 6. f3 d6 7. e4 c5 8. Bd3
Nc6 9. Ne2 e5 10. Be3 b6 11. O-O Ba6 12. f4 Ng4 13. Bd2 cxd4 14. cxd4 exd4 15.
Nxd4 Nxd4 16. Qxg4 Qc8 17. f5 f6 18. Bb4 Nb3 19. Bxd6 Nxa1 20. e5 Nb3 21. Rf3
fxe5 22. Bxf8 Kxf8 23. Qh5 Qc5+ 24. Kh1 Nd2 25. Rg3 Qf2 26. Qd1 Bb7 27. Qa1 Qd4
28. Qe1 Ne4 29. Re3 Nc5 30. Bf1 e4 31. Qg3 Rd8 32. h4 Qa1 33. Re1 Rd1 34. f6
gxf6 35. Qb8+ Ke7 36. Qc7+ Nd7 37. Rxd1 Qxd1 38. Kg1 Qd4+ 39. Kh1 Qf2 40. Qxb7
Qxf1+ 41. Kh2 Qf4+ 42. g3 Qe5 43. Kg1 e3 44. Kf1 Qf5+ 45. Kg2 e2 0-1

[Event "Asuncion"]
[Site "Asuncion"]
[Date "2007.07.13"]
[Round "4"]
[White "Peralta, Eduardo"]
[Black "Cubas, Jose Fernando"]
[Result "0-1"]
[WhiteElo "2278"]
[BlackElo "2454"]
[PlyCount "68"]
[EventDate "2007.07.10"]
[EventType "tourn"]
[EventRounds "9"]
[EventCountry "PAR"]
[EventCategory "2"]
[SourceTitle "EXT 2011"]
[Source "ChessBase"]
[SourceDate "2010.11.26"]
[SourceVersion "1"]
[SourceVersionDate "2010.11.26"]
[SourceQuality "1"]

1. c4 e5 2. Nc3 Nf6 3. Nf3 Nc6 4. a3 d5 5. cxd5 Nxd5 6. e3 Be7 7. Qc2 Nxc3 8.
bxc3 O-O 9. d4 Bd6 10. Be2 Qe7 11. c4 b6 12. O-O Bd7 13. dxe5 Nxe5 14. Bb2 Rae8
15. Qc3 Qf6 16. Nd4 Ng4 17. h3 Qh6 18. Nb5 Bh2+ 19. Kh1 Be5 20. Qd2 Rd8 21. Qc1
Rfe8 22. Bxe5 Nxe5 23. e4 Qh4 24. Qe3 Ng6 25. f4 Bc6 26. Nc3 f5 27. e5 Rd4 28.
Nd5 Bxd5 29. cxd5 Re4 30. Qd2 Nxf4 31. Bf3 R4xe5 32. d6 cxd6 33. Bc6 Nxh3 34.
Bxe8 Nf4+ 0-1

[Event "Asuncion"]
[Site "Asuncion"]
[Date "2007.07.14"]
[Round "5"]
[White "Cubas, Jose Fernando"]
[Black "Valiente, Cristobal"]
[Result "1/2-1/2"]
[WhiteElo "2454"]
[BlackElo "2280"]
[PlyCount "33"]
[EventDate "2007.07.10"]
[EventType "tourn"]
[EventRounds "9"]
[EventCountry "PAR"]
[EventCategory "2"]
[SourceTitle "EXT 2011"]
[Source "ChessBase"]
[SourceDate "2010.11.26"]
[SourceVersion "1"]
[SourceVersionDate "2010.11.26"]
[SourceQuality "1"]

1. e4 Nf6 2. e5 Nd5 3. d4 d6 4. c4 Nb6 5. exd6 exd6 6. Nf3 Be7 7. Bd3 Bg4 8. h3
Bh5 9. O-O Nc6 10. Be3 O-O 11. Nc3 Bf6 12. g4 Bg6 13. Bxg6 hxg6 14. g5 Be7 15.
d5 Ne5 16. Nxe5 dxe5 17. c5 1/2-1/2

[Event "Asuncion"]
[Site "Asuncion"]
[Date "2007.07.15"]
[Round "6"]
[White "Cubas, Jose Fernando"]
[Black "Escofet Fernandez, Jaime"]
[Result "1-0"]
[WhiteElo "2454"]
[BlackElo "2160"]
[PlyCount "64"]
[EventDate "2007.07.10"]
[EventType "tourn"]
[EventRounds "9"]
[EventCountry "PAR"]
[EventCategory "2"]
[SourceTitle "EXT 2011"]
[Source "ChessBase"]
[SourceDate "2010.11.26"]
[SourceVersion "1"]
[SourceVersionDate "2010.11.26"]
[SourceQuality "1"]

1. e4 c6 2. d4 d5 3. e5 Bf5 4. Nf3 e6 5. Be2 Nd7 6. O-O Ne7 7. Nh4 Bg6 8. Nd2
Nf5 9. Nxg6 hxg6 10. Nf3 Be7 11. b3 O-O 12. c4 a5 13. g4 Nh4 14. Nxh4 Bxh4 15.
f4 Be7 16. cxd5 cxd5 17. Qd3 Rc8 18. Be3 Qc7 19. Rac1 Qb6 20. f5 gxf5 21. gxf5
Ba3 22. Rxc8 Rxc8 23. fxe6 Qxe6 24. Rf4 Bc1 25. Bg4 Bxe3+ 26. Qxe3 Qc6 27. e6
Nf6 28. exf7+ Kxf7 29. Bxc8 Qxc8 30. Rf1 Kg8 31. Qg5 Qe6 32. Rxf6 Qxf6 1-0

[Event "Asuncion"]
[Site "Asuncion"]
[Date "2007.07.16"]
[Round "7"]
[White "D'Israel, Davy Maurice"]
[Black "Cubas, Jose Fernando"]
[Result "0-1"]
[WhiteElo "2285"]
[BlackElo "2454"]
[PlyCount "64"]
[EventDate "2007.07.10"]
[EventType "tourn"]
[EventRounds "9"]
[EventCountry "PAR"]
[EventCategory "2"]
[SourceTitle "EXT 2011"]
[Source "ChessBase"]
[SourceDate "2010.11.26"]
[SourceVersion "1"]
[SourceVersionDate "2010.11.26"]
[SourceQuality "1"]

1. d4 d5 2. c4 Nc6 3. Nf3 Bg4 4. cxd5 Bxf3 5. gxf3 Qxd5 6. e3 e5 7. Nc3 Bb4 8.
Bd2 Bxc3 9. bxc3 Nge7 10. Bg2 Rb8 11. O-O Qd6 12. f4 exf4 13. e4 Ng6 14. e5 Qd7
15. Qh5 O-O 16. Rad1 b5 17. Be4 Nce7 18. Bxf4 Nd5 19. Bd2 f5 20. Bc2 c5 21. f4
c4 22. Rf3 Rb6 23. a4 bxa4 24. Rb1 Rb3 25. Rh3 Qe6 26. Ra1 Rb2 27. Rxa4 Rxc2
28. Rxa7 Nde7 29. Qxh7+ Kf7 30. d5 Qb6+ 31. Kf1 Rxd2 32. Rxe7+ Nxe7 0-1

[Event "Asuncion"]
[Site "Asuncion"]
[Date "2007.07.17"]
[Round "8"]
[White "Cubas, Jose Fernando"]
[Black "Diaz Hollemaert, Nahuel Carlos"]
[Result "1/2-1/2"]
[WhiteElo "2454"]
[BlackElo "2420"]
[PlyCount "86"]
[EventDate "2007.07.10"]
[EventType "tourn"]
[EventRounds "9"]
[EventCountry "PAR"]
[EventCategory "2"]
[SourceTitle "EXT 2011"]
[Source "ChessBase"]
[SourceDate "2010.11.26"]
[SourceVersion "1"]
[SourceVersionDate "2010.11.26"]
[SourceQuality "1"]

1. e4 d6 2. d4 g6 3. Nc3 c6 4. f4 Qb6 5. Nf3 Bg4 6. a3 Bg7 7. e5 dxe5 8. dxe5
Na6 9. h3 Rd8 10. Qe2 Bc8 11. Nd2 Be6 12. Nde4 Nh6 13. Be3 Qa5 14. Bxa7 Nb4 15.
Bc5 Nd5 16. b4 Qc7 17. Qf2 Nxf4 18. Qxf4 Nf5 19. Bd3 Bxe5 20. Qf2 Ng3 21. O-O-O
Nxh1 22. Rxh1 Ra8 23. Bd4 Rxa3 24. Kb2 Ra8 25. Ng5 Qd6 26. Bxe5 Qxe5 27. Nxe6
Qxe6 28. Qh4 Qf6 29. Qxf6 exf6 30. Ne4 f5 31. Nd6+ Ke7 32. Nxb7 Rhb8 33. Re1+
Kf6 34. Nc5 Rxb4+ 35. Kc3 Rf4 36. Nd7+ Kg7 37. Re7 Ra3+ 38. Kb2 Ra7 39. Kc3
Ra3+ 40. Kd2 Ra7 41. c3 Rfa4 42. Bc2 Ra2 43. Kc1 Rb7 1/2-1/2

[Event "Asuncion"]
[Site "Asuncion"]
[Date "2007.07.18"]
[Round "9"]
[White "Espinoza, Edgar"]
[Black "Cubas, Jose Fernando"]
[Result "0-1"]
[WhiteElo "2268"]
[BlackElo "2454"]
[PlyCount "84"]
[EventDate "2007.07.10"]
[EventType "tourn"]
[EventRounds "9"]
[EventCountry "PAR"]
[EventCategory "2"]
[SourceTitle "EXT 2011"]
[Source "ChessBase"]
[SourceDate "2010.11.26"]
[SourceVersion "1"]
[SourceVersionDate "2010.11.26"]
[SourceQuality "1"]

1. c4 e5 2. Nc3 Nf6 3. Nf3 Nc6 4. g3 d5 5. cxd5 Nxd5 6. d3 Nb6 7. Bg2 Be7 8.
Be3 O-O 9. O-O Re8 10. Na4 Nxa4 11. Qxa4 Bd7 12. Qc2 Be6 13. Bc5 Bd5 14. e3 Bf6
15. e4 Be6 16. h3 Qd7 17. Kh2 Rad8 18. Rfd1 g5 19. Qc3 g4 20. Ng1 b6 21. Be3
Nd4 22. hxg4 Bxg4 23. f3 Be6 24. b4 Qa4 25. Bxd4 Rxd4 26. Rdb1 c5 27. bxc5 Rc8
28. Rb2 Rxc5 29. Qd2 Qa3 30. Bf1 Bc4 31. Qb4 Qxb4 32. Rxb4 Be6 33. Rb2 Ra5 34.
Bh3 Bxh3 35. Kxh3 Rxd3 36. Kg4 Kg7 37. Kf5 Be7 38. Rf1 Bc5 39. Nh3 Rd6 40. Rg2
Bd4 41. f4 exf4+ 42. Kxf4 Rf6+ 0-1

[Event "LNA Puma Cup"]
[Site "Argentina"]
[Date "2007.08.18"]
[Round "2"]
[White "Cubas, Jose Fernando"]
[Black "Filgueira, Hernan"]
[Result "1-0"]
[WhiteElo "2454"]
[BlackElo "2331"]
[PlyCount "61"]
[EventDate "2007.08.11"]
[EventType "team"]
[EventRounds "9"]
[EventCountry "ARG"]
[SourceTitle "CBM 120 Extra"]
[Source "ChessBase"]
[SourceDate "2007.11.01"]
[SourceVersion "1"]
[SourceVersionDate "2007.11.01"]
[SourceQuality "1"]

1. e4 c5 2. Nf3 e6 3. d4 cxd4 4. Nxd4 a6 5. Nc3 Qc7 6. Bd3 Bc5 7. Nb3 Be7 8.
O-O Nf6 9. a4 b6 10. f4 Bb7 11. e5 Nd5 12. Nxd5 Bxd5 13. Qe2 g6 14. Be3 Bb7 15.
Qf2 b5 16. axb5 axb5 17. Rxa8 Bxa8 18. Bxb5 O-O 19. Bd3 d6 20. Nd4 dxe5 21. Nb5
Qb7 22. fxe5 Bh4 23. Qe2 Nd7 24. Nd6 Qxb2 25. Bh6 Qd4+ 26. Kh1 Rb8 27. Nxf7 Bd5
28. Be3 Qc3 29. Qg4 Rb4 30. Bf4 Nxe5 31. Nh6+ 1-0

[Event "LNA Puma Cup"]
[Site "Argentina"]
[Date "2007.08.25"]
[Round "3"]
[White "Cubas, Jose Fernando"]
[Black "Flores, Diego"]
[Result "0-1"]
[WhiteElo "2454"]
[BlackElo "2560"]
[PlyCount "56"]
[EventDate "2007.08.11"]
[EventType "team"]
[EventRounds "9"]
[EventCountry "ARG"]
[SourceTitle "CBM 120 Extra"]
[Source "ChessBase"]
[SourceDate "2007.11.01"]
[SourceVersion "1"]
[SourceVersionDate "2007.11.01"]
[SourceQuality "1"]

1. e4 c5 2. Nf3 e6 3. d4 cxd4 4. Nxd4 a6 5. Nc3 b5 6. Bd3 Bb7 7. O-O Qc7 8. Re1
Bc5 9. Nb3 Bd6 10. h3 Ne7 11. Qh5 Nbc6 12. a4 b4 13. Ne2 Ng6 14. Bd2 O-O 15.
Rac1 Rac8 16. c3 Qb8 17. Bb1 Ba8 18. Nc5 bxc3 19. Bxc3 Nce5 20. Bd4 Qb4 21.
Nxa6 Qxa4 22. Nc5 Qb4 23. Nd3 Nxd3 24. Bxd3 Rxc1 25. Rxc1 Nf4 26. Nxf4 Qxd4 27.
e5 g6 28. Qg4 Bxe5 0-1

[Event "LNA Puma Cup"]
[Site "Argentina"]
[Date "2007.09.15"]
[Round "6"]
[White "Cubas, Jose Fernando"]
[Black "Obregon, Carlos Andres"]
[Result "1/2-1/2"]
[WhiteElo "2454"]
[BlackElo "2355"]
[PlyCount "85"]
[EventDate "2007.08.11"]
[EventType "team"]
[EventRounds "9"]
[EventCountry "ARG"]
[SourceTitle "CBM 120 Extra"]
[Source "ChessBase"]
[SourceDate "2007.11.01"]
[SourceVersion "1"]
[SourceVersionDate "2007.11.01"]
[SourceQuality "1"]

1. e4 c5 2. Nf3 Nc6 3. d4 cxd4 4. Nxd4 e5 5. Nb5 d6 6. N1c3 a6 7. Na3 b5 8. Nd5
Nge7 9. c4 Nd4 10. Be3 Nxd5 11. cxd5 Be7 12. Bd3 O-O 13. O-O Bd7 14. Qd2 Qb6
15. Nc2 Rac8 16. Rae1 Bf6 17. Kh1 Qc7 18. Nxd4 exd4 19. Bg5 Bxg5 20. Qxg5 Rce8
21. Qh4 f5 22. exf5 Rxe1 23. Rxe1 Bxf5 24. Bxf5 Rxf5 25. Qxd4 Qc5 26. Qxc5 dxc5
27. Rd1 Rxf2 28. Kg1 Rf7 29. d6 Rd7 30. b3 Kf7 31. Rd5 Ke6 32. Rxc5 Kxd6 33.
Rc2 Rf7 34. b4 Kd5 35. Rc5+ Kd4 36. a3 h6 37. h4 Rf6 38. h5 Ke4 39. Rc7 g6 40.
hxg6 Rxg6 41. Kh2 Kf4 42. Rf7+ Kg4 43. Rd7 1/2-1/2

[Event "Cuiaba op"]
[Site "Cuiaba"]
[Date "2007.10.05"]
[Round "2"]
[White "De Souza Haro, Paulo Cezar"]
[Black "Cubas, Jose Fernando"]
[Result "1-0"]
[WhiteElo "2182"]
[BlackElo "2448"]
[PlyCount "75"]
[EventDate "2007.10.04"]
[EventType "swiss"]
[EventRounds "6"]
[EventCountry "BRA"]
[SourceTitle "EXT 2008"]
[Source "ChessBase"]
[SourceDate "2007.11.25"]
[SourceVersion "1"]
[SourceVersionDate "2007.11.25"]
[SourceQuality "1"]

1. d4 d5 2. Nf3 Bg4 3. Ne5 Bf5 4. c4 f6 5. Nf3 c6 6. Nc3 e6 7. Bf4 Nd7 8. e3
Bb4 9. Bd3 Qa5 10. Bxf5 Bxc3+ 11. bxc3 Qxc3+ 12. Nd2 exf5 13. cxd5 cxd5 14. O-O
Ne7 15. Rc1 Qa5 16. Nb3 Qa6 17. Qh5+ g6 18. Qh6 Kf7 19. Rc7 Rad8 20. Rfc1 Qxa2
21. Rxb7 Rc8 22. Rxc8 Rxc8 23. Qxh7+ Ke6 24. h4 Qa6 25. Rxd7 Kxd7 26. Nc5+ Rxc5
27. dxc5 Qe6 28. Bd6 f4 29. exf4 a5 30. Bxe7 Qxe7 31. c6+ Kd6 32. Qxe7+ Kxe7
33. c7 Kd7 34. f5 gxf5 35. h5 a4 36. h6 a3 37. h7 a2 38. h8=Q 1-0

[Event "Cuiaba op"]
[Site "Cuiaba"]
[Date "2007.10.06"]
[Round "3"]
[White "Cubas, Jose Fernando"]
[Black "Vargas, Roberto Carlos Melg"]
[Result "1-0"]
[WhiteElo "2448"]
[BlackElo "1866"]
[PlyCount "47"]
[EventDate "2007.10.04"]
[EventType "swiss"]
[EventRounds "6"]
[EventCountry "BRA"]
[SourceTitle "EXT 2008"]
[Source "ChessBase"]
[SourceDate "2007.11.25"]
[SourceVersion "1"]
[SourceVersionDate "2007.11.25"]
[SourceQuality "1"]

1. e4 c5 2. Nf3 d6 3. d4 cxd4 4. Nxd4 Nf6 5. Nc3 a6 6. f4 Qc7 7. a4 e6 8. Bd3
Nbd7 9. Nf3 Be7 10. O-O b6 11. Qe2 Bb7 12. Bd2 O-O 13. Rae1 Nc5 14. b4 Nxd3 15.
cxd3 d5 16. e5 Bxb4 17. exf6 Bxc3 18. Bxc3 Qxc3 19. Ne5 g6 20. Qg4 h5 21. Qg5
Kh7 22. f5 exf5 23. Nxg6 fxg6 24. Re7+ 1-0

[Event "Cuiaba op"]
[Site "Cuiaba"]
[Date "2007.10.06"]
[Round "4"]
[White "Rodi, Luis Ernesto"]
[Black "Cubas, Jose Fernando"]
[Result "1/2-1/2"]
[WhiteElo "2319"]
[BlackElo "2448"]
[PlyCount "102"]
[EventDate "2007.10.04"]
[EventType "swiss"]
[EventRounds "6"]
[EventCountry "BRA"]
[SourceTitle "EXT 2008"]
[Source "ChessBase"]
[SourceDate "2007.11.25"]
[SourceVersion "1"]
[SourceVersionDate "2007.11.25"]
[SourceQuality "1"]

1. e4 c5 2. Nc3 Nc6 3. Bb5 Nd4 4. Bc4 e6 5. Nf3 a6 6. O-O b5 7. Bd3 Bb7 8. Nxd4
cxd4 9. Ne2 Qb6 10. b3 Nf6 11. f3 d6 12. Qe1 e5 13. Qf2 Qc7 14. a4 bxa4 15.
Rxa4 Be7 16. Bb2 O-O 17. Rfa1 Nd7 18. R4a2 a5 19. Bc4 Nb6 20. d3 a4 21. Bc1 Kh8
22. Ng3 d5 23. exd5 axb3 24. Rxa8 Rxa8 25. Rxa8+ Bxa8 26. cxb3 Bxd5 27. Qe1
Nxc4 28. bxc4 Be6 29. Bd2 Qb8 30. Ne4 f5 31. Nf2 h6 32. Qc1 Kh7 33. Kf1 Bd7 34.
Kg1 Bc6 35. Qe1 Bf6 36. Kf1 Qb7 37. Qa1 g5 38. h3 Kg6 39. Qc1 Be7 40. Qe1 Bf6
41. Bb4 Qc7 42. Ba3 Qb7 43. Qb4 h5 44. Ke2 g4 45. hxg4 hxg4 46. fxg4 Bxg2 47.
gxf5+ Kxf5 48. Qxb7 Bxb7 49. Bc1 Bh4 50. Bd2 Bc6 51. Bc1 Bxf2 1/2-1/2

[Event "Rio de Janeiro Fexerj"]
[Site "Rio de Janeiro"]
[Date "2007.11.25"]
[Round "1"]
[White "Limp, Eduardo Thelio"]
[Black "Cubas, Jose Fernando"]
[Result "0-1"]
[WhiteElo "2405"]
[BlackElo "2448"]
[PlyCount "54"]
[EventDate "2007.11.25"]
[EventType "tourn"]
[EventRounds "9"]
[EventCountry "BRA"]
[EventCategory "8"]
[SourceTitle "EXT 2009"]
[Source "ChessBase"]
[SourceDate "2008.11.26"]
[SourceVersion "1"]
[SourceVersionDate "2008.11.26"]
[SourceQuality "1"]

1. d4 d5 2. Nf3 Nf6 3. c3 e6 4. Bg5 Nbd7 5. Nbd2 Be7 6. e3 O-O 7. Bd3 c5 8. O-O
b6 9. Ne5 Nxe5 10. dxe5 Nd7 11. Bxe7 Qxe7 12. f4 Bb7 13. Qh5 f5 14. exf6 Nxf6
15. Qh4 Rae8 16. Nf3 d4 17. exd4 Bxf3 18. Rxf3 cxd4 19. Rh3 dxc3 20. bxc3 Qc5+
21. Kh1 h5 22. Bg6 Rd8 23. f5 exf5 24. Bxh5 Ne4 25. Rf1 Qc4 26. Rhf3 Rd2 27. g4
Qe2 0-1

[Event "Rio de Janeiro Fexerj"]
[Site "Rio de Janeiro"]
[Date "2007.11.26"]
[Round "3"]
[White "Felgaer, Ruben Alejandro"]
[Black "Cubas, Jose Fernando"]
[Result "0-1"]
[WhiteElo "2539"]
[BlackElo "2448"]
[PlyCount "52"]
[EventDate "2007.11.25"]
[EventType "tourn"]
[EventRounds "9"]
[EventCountry "BRA"]
[EventCategory "8"]
[SourceTitle "EXT 2009"]
[Source "ChessBase"]
[SourceDate "2008.11.26"]
[SourceVersion "1"]
[SourceVersionDate "2008.11.26"]
[SourceQuality "1"]

1. e4 e6 2. d4 d5 3. Nc3 Nf6 4. Bg5 Be7 5. e5 Nfd7 6. Bxe7 Qxe7 7. f4 O-O 8.
Nf3 c5 9. dxc5 Qxc5 10. Qd2 Nc6 11. O-O-O Nb6 12. h4 Bd7 13. Kb1 Na5 14. Qd4
Rac8 15. Bd3 Nac4 16. Qxc5 Rxc5 17. Nd4 Rfc8 18. Nce2 f6 19. exf6 gxf6 20. Rh3
Nd6 21. Re3 Re8 22. Ng3 e5 23. Nb3 Rc6 24. Nh5 Ndc4 25. Rg3+ Kh8 26. Bxc4 Nxc4
0-1